000 00573nam a2200181Ia 4500
008 090123s9999 xx 000 0 und d
082 _b8226
_a891.463/पाध्ये
100 _aपाध्ये भाऊ
245 _aहोमसिक ब्रिगेड
250 _a1
260 _bअमेय प्रकाशन
300 _a194
600 _aपाध्ये भाऊ
630 _aहोमसिक ब्रिगेड
700 _aपाध्ये भाऊ
730 _aहोमसिक ब्रिगेड
942 _cBOOK
999 _c46292
_d46292